000 00449nam a2200169Ia 4500
003 OSt
005 20260318115303.0
008 211028s2018 xx 000 0 und d
040 _cAIMIT LIBRARY
041 _aeng
100 _aJose, Arun; Kumar, Rakesh.
_g151711
_94915
110 _aManimozhi R
_94916
245 _aIT costing tool /
260 _aMangalore
_c2018
710 _aOnline Productivity Solutions Pvt. Ltd.
_94917
942 _2ddc
_cPRO
999 _c217731
_d217731